00691nam a22001097a 450000500170000000800410001704100080005824501530006626000210021930000220024050003190026220140326085837.0140326b2013 io ||||| |||| 00| 0 eng d aeng aWorld agroforestry centre southeast Asia regional program & ASB programmebSixth Annual International Ecosystem Services Partnership Conference 2013 aBalibs.e.c2013 aPagina webc13 cm aWe list the scientific ouputs from ICRAF-SEA staff. Books, research reports, proceedings, journal articles, etc. can be obtained as long as the stock lasts, otherwise photocopies can be made available. You may also download the PDF file for free. This lists below are listed per type and per current year.gratuita.